Online katalóg knižníc regiónu Turca

Komédie (Record no. 20421)

MARC details
000 -LEADER
fixed length control field 01261nam a2200397 a 4500
001 - CONTROL NUMBER
control field 20421
003 - CONTROL NUMBER IDENTIFIER
control field VRT
005 - DATE AND TIME OF LATEST TRANSACTION
control field 20260122125857.0
008 - FIXED-LENGTH DATA ELEMENTS--GENERAL INFORMATION
fixed length control field 960531q1995 xo dp 000 d slo c
020 ## - INTERNATIONAL STANDARD BOOK NUMBER
International Standard Book Number 8088834163 (brož.)
035 ## - SYSTEM CONTROL NUMBER
System control number UKB000184614
039 #9 - LEVEL OF BIBLIOGRAPHIC CONTROL AND CODING DETAIL [OBSOLETE]
Level of rules in bibliographic description 201207171321
Level of effort used to assign nonsubject heading access points maja
040 ## - CATALOGING SOURCE
Original cataloging agency BAA001
Language of cataloging slo
Transcribing agency BAA001
Description conventions AACR2
041 1# - LANGUAGE CODE
Language code of text/sound track or separate title slo
044 ## - COUNTRY OF PUBLISHING/PRODUCING ENTITY CODE
MARC country code xo
ISO country code SK
080 ## - UNIVERSAL DECIMAL CLASSIFICATION NUMBER
Universal Decimal Classification number 885.4-93-22(08)
100 1# - MAIN ENTRY--PERSONAL NAME
Personal name Kyrmezer, Pavel,
Dates associated with a name 1530(1540?)-1589
243 10 - COLLECTIVE UNIFORM TITLE
Uniform title <a href="Baroková literatúra">Baroková literatúra</a>
245 00 - TITLE STATEMENT
Title Komédie
Statement of responsibility, etc. Pavol Kyrmezer, Juraj Tesák Mošovský
260 ## - PUBLICATION, DISTRIBUTION, ETC.
Place of publication, distribution, etc. Rohovce
Name of publisher, distributor, etc. Interpopulart Slovakia
Date of publication, distribution, etc. [1995]
300 ## - PHYSICAL DESCRIPTION
Extent 129 s.
490 1# - SERIES STATEMENT
Series statement Populart. Študentská knižnica
Volume/sequential designation 17
500 ## - GENERAL NOTE
General note Baroková literatúra
504 ## - BIBLIOGRAPHY, ETC. NOTE
Bibliography, etc. note Bibliogr. s. 128
650 07 - SUBJECT ADDED ENTRY--TOPICAL TERM
Topical term or geographic name entry element literatúra slovenská klasická
650 07 - SUBJECT ADDED ENTRY--TOPICAL TERM
Topical term or geographic name entry element komédie
653 ## - INDEX TERM--UNCONTROLLED
Uncontrolled term 885.4-93-22(08)
700 1# - ADDED ENTRY--PERSONAL NAME
Personal name Mošovský, Juraj Tesák
Dates associated with a name 1545-1617
Relationship aut
760 1# - MAIN SERIES ENTRY
Title Populart. Študentská knižnica
830 #0 - SERIES ADDED ENTRY--UNIFORM TITLE
Uniform title Populart. Študentská knižnica
Volume/sequential designation 17
910 ## - USER-OPTION DATA (OCLC)
User-option data ukb
942 ## - ADDED ENTRY ELEMENTS (KOHA)
Source of classification or shelving scheme Dewey Decimal Classification
Koha item type Krásna literatúra pre dospelých
Suppress in OPAC No
949 ## - LOCAL PROCESSING INFORMATION (OCLC)
6 1800004740
a 30.D.64305
b PV.1801-96
o Čitateľská strata č.39/2023
s 4700:20230810
949 ## - LOCAL PROCESSING INFORMATION (OCLC)
6 1800004741
a SL.D.23139
b PV.1802-96
949 ## - LOCAL PROCESSING INFORMATION (OCLC)
6 1800006914
a 30.D.64305
b KD.173-96
Holdings
Stav vyradenia Strata Poškodenie Spôsob nadobudnutia Domovská knižnica Aktuálna knižnica Dátum nadobudnutia Total checkouts Čiarový kód exemplára Date last seen Typ exemplára
      Dar Obecná knižnica Horná Štubňa Obecná knižnica Horná Štubňa 22.01.2026   8088834163 22.01.2026 Krásna literatúra pre dospelých
Projekt je podporený Slovenskou asociáciou knižníc
Prevádzkuje Turčianska knižnica Martin 2026